Aspectos conceptuales en torno a la pobreza /
La pobreza es un fenómeno social multifacético, fácil de percibir pero difícil de definir y más aún de medir adecuadamente. La ausencia de un marco teórico, tanto desde la perspectiva económica como sociológica, que logre explicar satisfactoriamente sus orígenes y determinantes, ha llevado a un conc...
Uloženo v:
| Hlavní autor: | |
|---|---|
| Médium: | Text |
| Témata: | |
| Tagy: |
Přidat tag
Žádné tagy, Buďte první, kdo vytvoří štítek k tomuto záznamu!
|
MARC
| LEADER | 00000 a a2200000 04500 | ||
|---|---|---|---|
| 001 | 43639 | ||
| 003 | |||
| 040 | |||
| 100 | |a Trejos Solórzano, Juan Diego | ||
| 245 | |a Aspectos conceptuales en torno a la pobreza / |c Juan Diego Trejos Solórzano | ||
| 520 | |a La pobreza es un fenómeno social multifacético, fácil de percibir pero difícil de definir y más aún de medir adecuadamente. La ausencia de un marco teórico, tanto desde la perspectiva económica como sociológica, que logre explicar satisfactoriamente sus orígenes y determinantes, ha llevado a un concepto descriptivo que pone su acento en sus consecuencias, dimensiones o resultados. Este trabajo se aboca a reconocer el carácter multidimensional de la pobreza lo cual debe ser tomado en cuenta en su medición como en el diseño de políticas. | ||
| 590 | |a RRA/OCTUBRE2012 | ||
| 650 | |a 1.POBREZA | ||
| 650 | |a 2.TEORIA | ||
| 650 | |a 3.ASPECTOS ECONOMICOS | ||
| 650 | |a 4.ASPECTOS SOCIALES | ||
| 773 | |g páginas 27-38 | ||
| 999 | |c 35160 |d 35160 | ||
